000 00675nam a2200193Ia 4500
003 IN-BaIIA
008 211028s9999 xx 000 0 eng d
040 _cIIA Library
080 _a69.01:624
_bIND-8
110 _aBureau of Indian Standards
_920631
245 0 _aIndian standard: method of measurement of building and civil engineering works
_bpt.8, steelwork and ironwork
_cBureau of Indian Standards
250 _a4th ed.
260 _aNew Delhi
_bBureau of Indian Standards
_c2002
300 _a4p.
650 _aCivil engineering
_95496
650 _aIndian standard
_933783
650 _aSteelwork and Ironwork
_933784
942 _cBK
999 _c17801
_d17801